000 00557nam a2200217Ia 4500
005 20230317095919.0
008 131103s9999 xx 000 0 und d
020 _cp. B. G .8
040 _aLoreto College
041 _aEnglish
082 _a822.3
_bJON-BOL
100 _aJonson, Ben
245 _aSejanus his fall
_cBen Jonson; Edited by W F Bolton
260 _aLondon
_bErnest Benn Ltd.
_c1966
300 _axxiii,132p.
504 _aIncluds glossary
650 _aenglish drama
700 _aBolton, W F ed.
850 _aLCLIB
942 _cBK
999 _c21792
_d72271